| 000 | 00612nam a22002417a 4500 | ||
|---|---|---|---|
| 003 | OSt | ||
| 005 | 20140310182928.0 | ||
| 008 | 130130t xxu||||| |||| 00| 0 eng d | ||
| 020 | _a9789712354892 | ||
| 050 |
_aPE 1479 _b.D278 2009 |
||
| 082 |
_aFIL 425 _bD36 2009 |
||
| 245 |
_aCompetence in College English _cDe Gracia, Alta Grace Q. |
||
| 260 |
_aManila _bRex Book Store _c2009 |
||
| 300 |
_a86 p. _c22 cm |
||
| 521 | _acollege students | ||
| 526 | _c1210L1700L | ||
| 541 | _j1 | ||
| 541 | _j2 | ||
| 541 | _j3 | ||
| 541 | _j4 | ||
| 562 | _e4 | ||
| 942 |
_2lcc _cBK _kFIL |
||
| 999 |
_c17459 _d17459 |
||